Travel plans and the planning system (Record no. 72373)

MARC details
000 -LEADER
fixed length control field 01809cam a2200253 4500
001 - CONTROL NUMBER
control field ABS66562
008 - FIXED-LENGTH DATA ELEMENTS--GENERAL INFORMATION
fixed length control field 030328n2003 000 0 eng u
035 ## - SYSTEM CONTROL NUMBER
System control number (Sirsi) u121776
100 ## - MAIN ENTRY--PERSONAL NAME
Personal name Harrison, J.
245 ## - TITLE STATEMENT
Title Travel plans and the planning system
260 ## - PUBLICATION, DISTRIBUTION, ETC.
Date of publication, distribution, etc. 2003
490 ## - SERIES STATEMENT
Series statement Journal of Planning and Environment Law
Volume/sequential designation April 2003, 397-403(7)
520 ## - SUMMARY, ETC.
Summary, etc. Travel plans are mechanisms for managing access to a specific site or development which focus on promoting access by sustainable modes of travel such as public transport, cycling and walking. Typically they aim to reduce car usage, traffic congestion and air pollution and can contribute to road safety and healthier lifestyles. Recent research shows that effective travel plans can bring benefits to both existing communities and to new or expanding developments and they are increasingly being required by local planning authorites. Article examines the concept of the travel plan, its proper place in the planning process, a number of conceptual problems in using regulatory mechanisms to achieve travel plans and how these can be overcome. It draws on the ODPM and DfT report "Using the planning process to secure travel plans: best practice guide" (2002) which is available from www.local-transport.dft.gov.uk/ [Taken partly form journal headnote].
590 ## - LOCAL NOTE (RLIN)
Local note ABS
650 ## - SUBJECT ADDED ENTRY--TOPICAL TERM
Topical term or geographic name entry element TRAVEL PLANS
650 ## - SUBJECT ADDED ENTRY--TOPICAL TERM
Topical term or geographic name entry element PLANNING SYSTEM
650 ## - SUBJECT ADDED ENTRY--TOPICAL TERM
Topical term or geographic name entry element PLANNING PROCESS
650 ## - SUBJECT ADDED ENTRY--TOPICAL TERM
Topical term or geographic name entry element SUSTAINABLE TRANSPORT
650 ## - SUBJECT ADDED ENTRY--TOPICAL TERM
Topical term or geographic name entry element PLANNING POLICY GUIDANCE NOTE 13
650 ## - SUBJECT ADDED ENTRY--TOPICAL TERM
Topical term or geographic name entry element GREEN TRANSPORT PLANS
690 ## - LOCAL SUBJECT ADDED ENTRY--TOPICAL TERM (OCLC, RLIN)
Topical term or geographic name as entry element TRANSPORT AND COMMUNICATION
856 ## - ELECTRONIC LOCATION AND ACCESS
Uniform Resource Identifier <a href="https://eu-added-value.eu/docs/usingtheplanningprocesstosec5787.pdf">https://eu-added-value.eu/docs/usingtheplanningprocesstosec5787.pdf</a>
Public note View the report "Using the Planning Process to Secure Travel Plans" free of charge at eu-added-value.eu/docs
942 ## - ADDED ENTRY ELEMENTS (KOHA)
Suppress in OPAC 0
Holdings
Withdrawn status Lost status Source of classification or shelving scheme Damaged status Not for loan Home library Current library Shelving location Date acquired Total Checkouts Full call number Barcode Date last seen Copy number Price effective from Koha item type
    Dewey Decimal Classification     London London Journal article 28/03/2003   ABS66562 121776-1001 06/08/2019 1 06/08/2019 Journal article